All the MCU Movies - Statistics

General Stats
  • This quiz has been taken 383 times
    53 since last reset
  • The average score is 27 of 39
Answer Stats
Year Movie % Correct
2008 Iron Man
100%
2010 Iron Man 2
100%
2013 Iron Man 3
100%
2011 Captain America: The First Avenger
96%
2012 The Avengers
96%
2008 The Incredible Hulk
96%
2011 Thor
92%
2016 Captain America: Civil War
85%
2015 Ant Man
81%
2015 Avengers: Age of Ultron
81%
2019 Avengers: Endgame
81%
2014 Guardians of the Galaxy
81%
2018 Avengers: Infinity War
77%
2016 Doctor Strange
77%
2021 Spider Man: No Way Home
73%
2017 Thor: Ragnarok
73%
2018 Ant Man and the Wasp
69%
2021 Black Widow
69%
2014 Captain America: The Winter Soldier
69%
2019 Captain Marvel
69%
2019 Spider Man: Far From Home
69%
2017 Spider Man: Homecoming
69%
2013 Thor: The Dark World
69%
2018 Black Panther
65%
2022 Thor: Love and Thunder
65%
2017 Guardians of the Galaxy 2
62%
2023 The Marvels
62%
2023 Ant Man and the Wasp: Quantumania
58%
2023 Guardians of the Galaxy 3
58%
2026 Avengers: Doomsday
54%
2022 Black Panther: Wakanda Forever
54%
2025 Captain America: Brave New World
54%
2021 Doctor Strange in the Multiverse of Madness
54%
2025 Thunderbolts
54%
2021 Eternals
50%
2025 The Fantastic Four: First Steps
46%
2021 Shang Chi and the Legend of the Ten Rings
42%
2027 Avengers: Secret Wars
38%
2024 Deadpool & Wolverine
38%
No matching quizzes found
Score Distribution
Percent of People with Each Score
Percentile by Number Answered
Your Score History
You have not taken this quiz since the last reset